书目信息 |
| 题名: |
城郊别墅
|
|
| 作者: | 建筑世界杂志社 编 | |
| 分册: | ||
| 出版信息: | 哈尔滨 黑龙江科学技术出版社 2001.06 |
|
| 页数: | 217页 | |
| 开本: | 30cm | |
| 丛书名: | 新功能建筑设计资料大系 | |
| 单 册: | ||
| 中图分类: | TU241.1 | |
| 科图分类: | ||
| 主题词: | 民用建筑--建筑设计 | |
| 电子资源: | ||
| ISBN: | 7-5388-3800-7 | |
| 000 | 00692nam0 2200217 45 | |
| 001 | 0234870329 | |
| 005 | 2002040909411005 | |
| 010 | @a7-5388-3800-7@dRMB 98.00 | |
| 100 | @a20020409d2001 km y0chiy0120 ea | |
| 101 | 0 | @achi |
| 102 | @aCN@b230000 | |
| 200 | 1 | @a城郊别墅@ACheng Jiao Bie Shu@f(韩)建筑世界杂志社编@F(Han)Jian Zhu Shi Jie Za Zhi She Bian |
| 210 | @a哈尔滨@c黑龙江科学技术出版社@d2001.06 | |
| 215 | @a217页@d30cm | |
| 225 | 2 | @a新功能建筑设计资料大系 |
| 410 | 0 | @12001 @a新功能建筑设计资料大系 |
| 606 | 0 | @a民用建筑@x建筑设计 |
| 690 | @aTU241.1@v3 | |
| 701 | 0 | @a建筑世界杂志社@AJian Zhu Shi Jie Za Zhi She@4编 |
| 801 | 0 | @aCN@bPFT@c20020409 |
| 905 | @a安徽大学@dTU241.1@eJ326 | |
| 城郊别墅/(韩)建筑世界杂志社编.-哈尔滨:黑龙江科学技术出版社,2001.06 |
| 217页;30cm.-(新功能建筑设计资料大系) |
| ISBN 7-5388-3800-7:RMB 98.00 |
| ● |
| 相关链接 |
|
|
|
正题名:城郊别墅
索取号:TU241.1/J326
 
预约/预借
| 序号 | 登录号 | 条形码 | 馆藏地/架位号 | 状态 | 备注 |
| 1 | 356300 | 203563009 | 建筑库101/ [索取号:TU241.1/J326] | 在馆 | |
| 2 | 356301 | 203563018 | 建筑库101/101建筑库 64排4列4层/ [索取号:TU241.1/J326] | 在馆 | |
| 3 | 356302 | 203563027 | 建筑库101/ [索取号:TU241.1/J326] | 在馆 | |
| 4 | 358780 | 203587804 | 建筑库101/ [索取号:TU241.1/J326] | 在馆 | |
| 5 | 358781 | 203587813 | 建筑库101/ [索取号:TU241.1/J326] | 在馆 | |
| 6 | 358782 | 203587822 | 建筑库101/ [索取号:TU241.1/J326] | 在馆 |